[Event "32nd GER-ch Seniors-50 2020"]
[Site "Magdeburg"]
[Date "2020.08.21"]
[Round "8.1"]
[White "Lundin, Jan"]
[Black "Pirrot, Dieter"]
[Result "1/2-1/2"]
[WhiteElo "2321"]
[BlackElo "2319"]
[Annotator "TA"]
[PlyCount "25"]
[EventDate "2020.08.14"]
[EventType "swiss"]
[EventCountry "GER"]
[SourceTitle "playchess.com"]
[Source "ChessBase"]
[SourceQuality "1"]

{[%evp 10,25,56,50,52,31,47,39,31,37,59,16,12,18,14,5,14,6]} 1. e4 d5 2. exd5 Qxd5 3. Nc3 Qd6 4. d4 Nf6 5. Nf3 c6 6. Ne5 Nbd7 {B01: Scandinavian Defence.} 7. Bf4 Nd5 8. Nxd5 Qxd5 {White is slightly better.} 9. Nf3 {[#]} e5 $146 {[%mdl 64] [#] Decoy} ({Predecessor:} 9... Nb6 10. Be2 Bf5 11. O-O Qe4 12. Bc7 Qxc2 13. Bxb6 axb6 14. d5 Qxd1 15. Rfxd1 g6 16. dxc6 bxc6 {½-½ (47) Lin,C (2508)-Andreikin,D (2702) Helsingor 2018}) 10. dxe5 {Black must now prevent Qxd5.} Qe4+ {[%mdl 64] Double Attack. The position is equal.} 11. Be3 Nxe5 12. Nxe5 Qxe5 13. Qd4 {White did not feel at home in the position after the opening.} 1/2-1/2

[Event "32nd GER-ch Seniors-50 2020"]
[Site "Magdeburg"]
[Date "2020.08.21"]
[Round "8.2"]
[White "Biebinger, Gerhard"]
[Black "Koehler, Gerhard"]
[Result "1-0"]
[WhiteElo "2226"]
[BlackElo "2213"]
[Annotator "TA"]
[PlyCount "63"]
[EventDate "2020.08.14"]
[EventType "swiss"]
[EventCountry "GER"]
[SourceTitle "playchess.com"]
[Source "ChessBase"]
[SourceQuality "1"]

{[%evp 9,63,58,72,63,72,64,66,56,57,62,65,68,61,56,62,40,57,56,63,75,114,112,127,-58,-50,-35,-33,-71,94,-38,119,73,238,245,189,167,247,256,241,237,217,0,0,0,0,-225,1141,-57,0,-247,-207,-557,500,488,507,336]} 1. d4 Nf6 2. Nf3 d6 3. c4 c5 4. dxc5 Qa5+ 5. Nc3 Qxc5 6. e4 {A53: Old Indian Defence without Nf3.} a6 7. Be2 {[#]} (7. Be3 {seems wilder.} Qa5 8. a3 e6 9. Nd2 Be7 10. Rc1) 7... e6 $146 ({Predecessor:} 7... g6 8. Be3 Qc7 9. Bd4 e5 10. Be3 Be6 11. Rc1 Nbd7 12. O-O Bg7 13. Nd2 O-O {1-0 (28) Engqvist,T (2410)-Andersson,B (1760) Hallstahammar 1997}) 8. O-O {White is slightly better.} (8. Be3 {looks sharper.} Qc7 9. Nd2 Be7 10. f4 Nc6 11. O-O) 8... Nbd7 9. Be3 Qc7 10. Nd4 b6 11. f4 Bb7 12. Bf3 Rc8 13. Rc1 Qb8 14. Qe2 $36 {[%mdl 2048] White is on the roll.} g6 15. f5 e5 16. Ne6 $2 (16. Nc2 $16) 16... fxe6 $15 17. fxe6 Nc5 {[%mdl 64] Double Attack} 18. Nd5 Bxd5 $2 (18... Bg7 $17 {keeps the pressure on.} 19. Bg5 Bxd5 20. cxd5 b5) 19. exd5 (19. cxd5 $16 b5 20. b4) 19... Bg7 $2 (19... e4 $15 {keeps the upper hand.} 20. Bxc5 Rxc5 21. Bxe4 Be7) 20. b4 $1 $16 e4 $2 (20... Na4 $16) 21. bxc5 $18 exf3 22. Qxf3 {Black must now prevent e7.} bxc5 {[#]} (22... O-O $142) 23. e7 $1 {[%mdl 512] aiming for Rb1.} Qb2 {[#]} (23... Kxe7 24. Bh6) 24. Rb1 $1 {[%cal Rb1b2][%mdl 1024] White has strong compensation.} Qe5 25. Rb7 $2 (25. Bf4 $18 Qf5 26. Rb7 (26. Bxd6 Ne4 $15)) 25... Qe4 $1 $11 {[%cal Re4f3] ...Qxf3 is the strong threat.} 26. Qf2 {Threatens to win with Bg5.} h6 $1 27. Kh1 $2 (27. Bc1 $11 {and White has nothing to worry.} Qd4 28. Be3) 27... Rh7 $4 {[%mdl 8192]} (27... Qxc4 $19 28. Ra7 Rb8) 28. Bc1 $2 (28. Qg3 $18 Kf7 29. Qxd6 {[%mdl 64] Double Attack}) 28... Bh8 (28... Qxc4 $15 29. Bb2 Bh8 30. Bxf6 Rf7) 29. Bb2 $2 (29. Qg3 $11 Qxc4 {[%mdl 64] Double Attack} 30. Qxg6+ Rf7 31. Re1 (31. Qf5 $2 Qg4 $19) 31... Qxd5 32. Bb2) 29... Rf7 $19 30. Re1 $2 (30. h3) 30... Ng4 $4 {[%mdl 8192] [#]} (30... Qxc4 $19 {avoids the disaster.} 31. Rf1 Qxd5) 31. Qxf7+ $1 $18 {[%mdl 576] Decoy, Promotion} Kxf7 {[%cal Re4e1] [#]} 32. e8=Q+ $1 {[%mdl 512] Accuracy: White = 59%, Black = 46%.} 1-0

[Event "32nd GER-ch Seniors-50 2020"]
[Site "Magdeburg"]
[Date "2020.08.21"]
[Round "8.3"]
[White "Vatter, Hans-Joachim"]
[Black "Kahe, Ralph"]
[Result "1-0"]
[WhiteElo "2204"]
[BlackElo "2165"]
[Annotator "ChessBase"]
[PlyCount "51"]
[EventDate "2020.08.14"]
[EventType "swiss"]
[EventCountry "GER"]
[SourceTitle "playchess.com"]
[Source "ChessBase"]
[SourceQuality "1"]
[TimeControl "40/5400+30:1800+30"]

1. e4 {[%emt 0:00:57]} g6 {[%emt 0:00:00]} 2. d4 {[%emt 0:00:13]} Bg7 {[%emt 0:00:00]} 3. c3 {[%emt 0:00:42]} d6 {[%emt 0:02:44]} 4. f4 {[%emt 0:00:25]} e5 {[%emt 0:01:11]} 5. dxe5 {[%emt 0:01:49]} dxe5 {[%emt 0:00:02]} 6. Qxd8+ {[%emt 0:00:12]} Kxd8 {[%emt 0:00:04]} 7. Nf3 {[%emt 0:00:23]} Nd7 {[%emt 0:00:43]} 8. Na3 {[%emt 0:01:24]} a6 {[%emt 0:01:21]} 9. Nc4 {[%emt 0:00:17]} exf4 {[%emt 0:03:17]} 10. Bxf4 {[%emt 0:00:16]} f6 {[%emt 0:00:08]} 11. O-O-O {[%emt 0:00:34]} Bh6 {[%emt 0:00:07]} 12. g3 {[%emt 0:01:30]} Ke7 {[%emt 0:00:36]} 13. Bg2 {[%emt 0:08:03]} Bxf4+ {[%emt 0:02:56]} 14. gxf4 {[%emt 0:00:34]} Nh6 {[%emt 0:00:16]} 15. Rhe1 {[%emt 0:19:02]} Nf7 {[%emt 0:06:08]} 16. b4 {[%emt 0:06:33]} Nf8 {[%emt 0:05:20]} 17. Na5 {[%emt 0:05:52]} Rb8 {[%emt 0:01:58]} 18. Nd4 {[%emt 0:03:02]} Bd7 {[%emt 0:00:09]} 19. e5 {[%emt 0:00:07]} fxe5 {[%emt 0:01:10]} 20. Bxb7 {[%emt 0:02:23]} Ne6 {[%emt 0:06:25]} 21. Nxe6 {[%emt 0:00:55]} Kxe6 {[%emt 0:01:30]} 22. Bd5+ {[%emt 0:00:12]} Ke7 {[%emt 0:00:04]} 23. Bxf7 {[%emt 0:00:06]} Bg4 {[%emt 0:00:21]} 24. Bc4 {[%emt 0:01:05]} Bxd1 {[%emt 0:00:07]} 25. Nc6+ {[%emt 0:00:06]} Kd6 {[%emt 0:00:59]} 26. Nxb8 {[%emt 0:02:10]} 1-0

[Event "32nd GER-ch Seniors-50 2020"]
[Site "Magdeburg"]
[Date "2020.08.21"]
[Round "8.4"]
[White "Schatz, Christian"]
[Black "Loew, Gerald"]
[Result "1/2-1/2"]
[WhiteElo "2162"]
[BlackElo "2152"]
[Annotator "TA"]
[PlyCount "37"]
[EventDate "2020.08.14"]
[EventType "swiss"]
[EventCountry "GER"]
[SourceTitle "playchess.com"]
[Source "ChessBase"]
[SourceQuality "1"]

{[%evp 14,24,37,49,54,25,37,25,25,23,31,26,37]} 1. d4 d6 2. e4 Nf6 3. Nc3 e5 4. Nf3 Nbd7 5. Bc4 Be7 6. O-O O-O 7. Re1 c6 8. a4 exd4 {8...h6 is setting a new trend. C41: Philidor Defence.} 9. Qxd4 Ne5 {[#] Hoping for ...c5.} 10. Nxe5 dxe5 11. Qxd8 Rxd8 12. f3 Bc5+ {[#] White took control after the opening.} {Predecessor:} 13. Be3 $146 Bxe3+ 14. Rxe3 Kf8 15. a5 Ke7 16. Bb3 Be6 17. Na4 Nd7 18. Bxe6 Kxe6 19. Rc3 {0-1 (63) Boukhris,Y (2163)-Kunin,V (2576) Helsingor 2015} 1/2-1/2

[Event "32nd GER-ch Seniors-50 2020"]
[Site "Magdeburg"]
[Date "2020.08.21"]
[Round "8.5"]
[White "Noldt, Torsten"]
[Black "Becker, Michael"]
[Result "0-1"]
[WhiteElo "2002"]
[BlackElo "2275"]
[Annotator "TA"]
[PlyCount "85"]
[EventDate "2020.08.14"]
[EventType "swiss"]
[EventCountry "GER"]
[SourceTitle "playchess.com"]
[Source "ChessBase"]
[SourceQuality "1"]

{[%evp 18,85,42,30,68,29,32,29,28,12,14,1,9,2,1,0,0,0,12,-45,-42,-141,-135,-139,-132,-154,-43,-54,-38,-47,-50,-60,-40,-61,-60,-56,-52,-70,-58,-58,-59,-60,-60,-82,-59,-74,-68,-85,-74,-71,-75,-488,-488,-562,-264,-1070,-1068,-1001,-995,-5306,-5333,-4133,-1337,-5373,-5406,-2401,-2376,-1605,-1518,-29998]} 1. Nf3 c5 2. c4 Nc6 3. d4 cxd4 4. Nxd4 g6 5. e4 d6 6. Nc3 Nf6 7. Be2 Nxd4 8. Qxd4 Bg7 9. Be3 O-O 10. Qd2 a5 {[%cal Ba7a5,Ba5a4][%mdl 32] B36: Sicilian: Maroczy Bind: Gurgenidze System.} 11. f3 a4 12. O-O Qa5 {White has an edge.} 13. Rab1 {13.Rfc1 is a critical line.} Be6 14. Rfc1 Rfc8 15. b3 axb3 16. axb3 Qb4 17. Qc2 Nd7 {[#]} 18. Na4 $146 (18. Nb5 $11) ({Predecessor:} 18. Nb5 Ne5 19. Kh1 Nc6 20. Bf1 Qa5 21. Qd1 Qd8 22. Qd2 Qa5 23. Qd1 Qd8 24. Qe1 {½-½ (108) Sengupta,D (2564)-Lalic,B (2414) Hastings 2020}) 18... b5 $15 19. Bd2 ({White should try} 19. Nc3 $15) 19... Qa3 $17 20. Nc3 bxc4 21. bxc4 {[#]} Qc5+ ({Better is} 21... Nb6 $1 $17 {[%mdl 512]} 22. Kh1 (22. Rxb6 Qc5+) 22... Nxc4) 22. Kh1 $15 h5 ({Don't play} 22... Bxc4 $6 23. Na4 $14) 23. Nd5 Bxd5 24. exd5 Qd4 25. Bg5 Bf6 26. Rd1 Qc5 27. Qd2 Bxg5 28. Qxg5 Nf6 29. Bd3 Kg7 30. Re1 Rc7 31. h3 Ra2 32. Rf1 Qd4 33. Rbd1 {aiming for Bxg6.} Qb2 {Threatens to win with ...Ng4!} 34. f4 $2 {[%mdl 8192] [#] White does not recover from this.} (34. Rg1 $17 {is more resistant.}) 34... Ng4 $1 $19 {[%csl Ga2][%cal Rb2g2][%mdl 512]} 35. Be4 (35. hxg4 Qxg2#) 35... Rxc4 (35... Ne3 $142 36. Bf3 Nxf1 37. Rxf1 Rxc4) 36. Rb1 $2 {[#]} (36. hxg4 Rxe4 37. gxh5) 36... Qd2 $1 {Black is clearly winning.} 37. hxg4 Rxe4 {[%csl Ga2][%cal Rd2g2]} 38. gxh5 {[#]} Re5 $1 {[%mdl 576] Double Attack, Pin} 39. h6+ {[#]} (39. fxe5 Qxg5) 39... Kh7 $1 {[%mdl 512]} 40. Qg3 Rh5+ {[%mdl 64] Double Attack} 41. Kg1 Qd4+ 42. Rf2 Rxf2 43. Ra1 {Accuracy: White = 55%, Black = 83%.} 0-1

[Event "32nd GER-ch Seniors-50 2020"]
[Site "Magdeburg"]
[Date "2020.08.21"]
[Round "8.6"]
[White "Gebhardt, Ulrich"]
[Black "Metz, Hartmut"]
[Result "0-1"]
[WhiteElo "2059"]
[BlackElo "2209"]
[Annotator "TA"]
[PlyCount "152"]
[EventDate "2020.08.14"]
[EventType "swiss"]
[EventCountry "GER"]
[SourceTitle "playchess.com"]
[Source "ChessBase"]
[SourceQuality "1"]

{[%evp 22,151,49,31,51,62,84,29,25,29,26,24,20,8,7,11,25,20,18,16,27,0,0,0,14,0,9,11,15,8,34,0,0,0,0,-8,0,0,0,0,74,0,0,-18,-22,-37,0,-52,0,0,0,0,0,0,5,8,26,24,22,15,15,15,15,11,22,20,17,27,16,0,0,-24,-25,-44,-50,-74,-62,-79,-26,-386,-379,-366,-366,-333,-316,-267,-267,-267,-267,-29981,-29982,-29982,-748,-728,-643,-790,-725,-3749,-3210,-4026,-3616,-2167,-2060,-29972,-29973,-29973,-29974,-29973,-29973,-29972,-29959,-29964,-29967,-9851,-6721,-2597,-2625,-29974,-29975,-29975,-29974,-29974,-29974,-29963,-29958,-29978,-29978,-29985,-29986,-29990,-29991,-29999]} 1. d4 c6 2. c4 d5 3. Nf3 Nf6 4. Nc3 e6 5. Bg5 Be7 6. e3 Nbd7 7. Bd3 b6 8. O-O Bb7 9. cxd5 exd5 10. Qc2 h6 11. Bh4 O-O 12. Rac1 Rc8 {D36: Queen's Gambit Declined: Exchange Variation: Main line (5 Bg5 c6 6 Qc2).} 13. Bf5 {[#]} g6 $146 ({Predecessor:} 13... Ra8 14. Rfd1 Re8 15. Bg3 Bf8 16. a3 g6 17. Bh3 g5 18. Bf5 Bg7 19. h3 c5 20. Nb5 cxd4 21. Nfxd4 {1-0 (39) Bhuta,H (2027)-Ghate,S (1231) Mumbai 2019}) 14. Bxd7 (14. Bxg6 $1 $16 {aiming for Bf5.} fxg6 15. Qxg6+ {[%mdl 64] Double Attack} Kh8 16. Qxh6+ Nh7 17. Bg3) 14... Nxd7 $11 {White has an edge.} 15. Bxe7 Qxe7 16. Rfd1 Rfe8 17. Qa4 a5 18. a3 Ra8 19. Qc2 Qd6 20. Qd2 Ba6 21. Na4 Bb5 22. Nc3 Ba6 23. Na4 Rab8 24. Qc2 Re6 25. Nc3 Qe7 26. Ne2 (26. Rb1 {seems wilder.} Qd8 27. b4 Bc4 28. b5 Rc8 29. Qb2) 26... Bxe2 27. Qxe2 b5 28. Rc2 Nb6 29. Ne5 Nc4 30. Nd3 Qd6 {[#]} (30... a4 $11) 31. Nc5 (31. b3 $1 $16 {[%cal Rb3c4]} Nxa3 32. Rc5) 31... Re7 32. Qd3 a4 33. Qc3 Rbe8 34. Qb4 (34. b3 $1 $11 axb3 35. Qxb3) 34... Qf6 (34... f5 $15) 35. b3 axb3 36. Qxb3 h5 37. a4 bxa4 38. Qxa4 h4 39. h3 $1 Kg7 40. e4 Rxe4 41. Nxe4 Rxe4 42. Qa1 g5 43. Qc3 g4 44. hxg4 Rxg4 45. Re2 c5 46. Rc2 cxd4 47. Qb3 Qg6 48. f3 Rf4 $36 {[%mdl 2048] White must now prevent ...Ne3. White is under pressure.} 49. Rf2 Ne3 (49... h3 $17 {Threatens to win with ...Qg3.} 50. Re2 Qf6) 50. Rd3 $2 {[%mdl 8192] [#] Now White is beyond hope.} (50. Rdd2 $11 {and White stays safe.}) 50... Rxf3 $1 $19 {[%mdl 576] Pin} 51. Qb2 {Hoping for Rxe3.} (51. Rxf3 Qxg2#) 51... Rxf2 {[%csl Ge3,Gf2][%cal Rg6g2]} ({Not} 51... Qxd3 52. gxf3 Kh7 53. Qa1 $19) 52. Qxd4+ Qf6 53. Qxe3 {[%mdl 4096] Endgame KQR-KQR} Rf1+ 54. Kh2 Qd6+ 55. Kh3 $2 (55. g3 $19 hxg3+ 56. Qxg3+ Qxg3+ 57. Kxg3) 55... Rh1+ 56. Kg4 Qe6+ (56... Qg6+ $142 57. Qg5 f5+ 58. Kf4 Rf1+ 59. Ke5 Qxg5 60. Ke6 Re1+ 61. Kxd5 Qxg2+ 62. Kd6 h3 63. Rd4 Qg3+ 64. Kd5 Qe5+ 65. Kc4 Rc1+ 66. Kd3 Rd1+ 67. Kc2 Qxd4 68. Kb3 Rb1+ 69. Kc2 Rb2+ 70. Kc1 Qd2#) 57. Qxe6 fxe6 {KR-KR} 58. Rf3 Rh2 59. Kf4 Rxg2 60. Rh3 Re2 61. Kg5 Re5+ 62. Kg4 Kg6 63. Ra3 Re4+ 64. Kf3 Kf5 65. Ra8 Ke5 66. Rh8 Rf4+ 67. Ke3 d4+ 68. Kd3 Rf3+ 69. Kd2 h3 {Black mates.} 70. Rh5+ Ke4 71. Rh4+ Kd5 72. Rh8 e5 73. Rh5 Ra3 74. Ke2 h2 75. Rxh2 Ra2+ 76. Kd3 e4# {Accuracy: White = 68%, Black = 87%.} 0-1

[Event "32nd GER-ch Seniors-50 2020"]
[Site "Magdeburg"]
[Date "2020.08.21"]
[Round "8.7"]
[White "Lindam, Ingo"]
[Black "Pitschka, Claus"]
[Result "1/2-1/2"]
[WhiteElo "2142"]
[BlackElo "2158"]
[Annotator "ChessBase"]
[PlyCount "33"]
[EventDate "2020.08.14"]
[EventType "swiss"]
[EventCountry "GER"]
[SourceTitle "playchess.com"]
[Source "ChessBase"]
[SourceQuality "1"]
[TimeControl "40/5400+30:1800+30"]

1. d4 {[%emt 0:00:23]} c5 {[%emt 0:07:21]} 2. d5 {[%emt 0:00:07]} d6 {[%emt 0:04:24]} 3. e4 {[%emt 0:01:12]} Nf6 {[%emt 0:00:12]} 4. Nc3 {[%emt 0:00:13]} g6 {[%emt 0:00:20]} 5. Bb5+ {[%emt 0:01:16]} Bd7 {[%emt 0:05:47]} 6. a4 {[%emt 0:00:24]} Bg7 {[%emt 0:01:22]} 7. h3 {[%emt 0:01:28]} Na6 {[%emt 0:02:52]} 8. Nf3 {[%emt 0:00:28]} O-O {[%emt 0:00:58]} 9. O-O {[%emt 0:02:42]} Bxb5 {[%emt 0:03:58]} 10. axb5 {[%emt 0:01:05]} Nc7 {[%emt 0:00:51]} 11. Re1 {[%emt 0:10:09]} a6 {[%emt 0:05:32]} 12. Qe2 {[%emt 0:11:46]} Nd7 {[%emt 0:05:34]} 13. bxa6 {[%emt 0:07:15]} Rxa6 {[%emt 0:01:04]} 14. Rxa6 {[%emt 0:00:16]} Nxa6 {[%emt 0:00:26]} 15. Qb5 {[%emt 0:04:58]} Nb4 {[%emt 0:04:30]} 16. Re2 {[%emt 0:02:42]} Qc7 {[%emt 0:00:29]} 17. Bg5 1/2-1/2

[Event "32nd GER-ch Seniors-50 2020"]
[Site "Magdeburg"]
[Date "2020.08.21"]
[Round "8.8"]
[White "Zuehlke, Burkhard"]
[Black "Namyslo, Holger"]
[Result "0-1"]
[WhiteElo "2005"]
[BlackElo "2149"]
[Annotator "ChessBase"]
[PlyCount "27"]
[EventDate "2020.08.14"]
[EventType "swiss"]
[EventCountry "GER"]
[SourceTitle "playchess.com"]
[Source "ChessBase"]
[SourceQuality "1"]
[TimeControl "40/5400+30:1800+30"]

1. d4 {[%emt 0:00:00]} d5 {[%emt 0:00:00]} 2. c4 {[%emt 0:00:00]} c6 {[%emt 0:00:16]} 3. cxd5 {[%emt 0:00:00]} cxd5 {[%emt 0:00:05]} 4. Bf4 {[%emt 0:00:09]} Nf6 {[%emt 0:00:37]} 5. e3 {[%emt 0:00:21]} Qb6 {[%emt 0:04:56]} 6. Qc2 {[%emt 0:08:33]} Nc6 {[%emt 0:01:48]} 7. Nc3 {[%emt 0:11:48]} Bf5 {[%emt 0:06:29]} 8. Qb3 {[%emt 0:03:23]} Qxb3 {[%emt 0:06:01]} 9. axb3 {[%emt 0:00:08]} e6 {[%emt 0:02:33]} 10. Bb5 {[%emt 0:04:11]} Bb4 {[%emt 0:02:10]} 11. Nge2 {[%emt 0:08:59]} Bc2 {[%emt 0:05:51]} 12. Ba4 {[%emt 0:03:21]} Kd7 {[%emt 0:07:04]} 13. Rc1 {[%emt 0:03:31]} Bd3 {[%emt 0:01:20]} 14. f3 {[%emt 0:10:14]} 0-1

[Event "32nd GER-ch Seniors-50 2020"]
[Site "Magdeburg"]
[Date "2020.08.22"]
[Round "9.1"]
[White "Vatter, Hans-Joachim"]
[Black "Biebinger, Gerhard"]
[Result "1-0"]
[WhiteElo "2204"]
[BlackElo "2226"]
[Annotator "TA"]
[PlyCount "75"]
[EventDate "2020.08.14"]
[EventType "swiss"]
[EventCountry "GER"]
[SourceTitle "playchess.com"]
[Source "ChessBase"]
[SourceQuality "1"]

{[%evp 18,75,14,9,17,11,60,58,58,7,46,43,35,43,37,50,59,68,70,73,76,75,70,72,77,70,72,62,67,58,80,71,335,175,362,345,385,375,420,420,406,420,411,410,479,466,465,465,1502,1528,1504,1399,5690,5676,5485,5243,6809,5829,5235,2283]} 1. Nf3 Nf6 2. d4 d5 3. c4 c6 4. Nc3 e6 5. e3 Nbd7 6. Bd3 Be7 7. O-O b6 8. e4 dxe4 9. Nxe4 Bb7 10. Qe2 Nxe4 {D30: Queen's Gambit Declined: Systems without Nc3.} 11. Bxe4 Nf6 12. Bc2 Qc7 {[#] White is slightly better.} 13. h3 $146 (13. Re1 $14) ({Predecessor:} 13. Bg5 h6 14. Bh4 Rd8 15. Rad1 O-O 16. Rfe1 Rfe8 17. Bg3 Qc8 18. Ne5 c5 19. dxc5 Bxc5 {½-½ (27) Giannoulakis,L (2283)-Gungl,T (2131) Pardubice 2015}) 13... Rd8 14. a3 O-O 15. Re1 Rfe8 16. b4 a5 17. bxa5 b5 18. c5 Qxa5 19. Bd2 Qc7 20. a4 bxa4 21. Rxa4 Ra8 22. Rea1 Rxa4 23. Rxa4 Nd5 24. Ne5 $36 {[%mdl 2048] Black must now prevent Bxh7+! White is in control.} Nf6 $2 {[%mdl 8192] This costs Black the game.} (24... g6 $16) 25. Bf4 $18 Qc8 $2 (25... Ra8 26. Rxa8+ Bxa8) 26. Qf3 Rf8 {Black hopes to continue with ...Nd5.} 27. Bg3 Ba8 28. Nc4 Nd5 29. Qa3 Bb7 30. Ra7 Rd8 31. Bd6 {And now Bxe7 would win.White is clearly winning.} Bf6 32. Be5 Nc7 (32... Bxe5 $142 33. dxe5 Qc7) 33. Bxf6 gxf6 34. Nd6 Rxd6 35. cxd6 Nb5 36. Qg3+ Kh8 {[#]} 37. Qh4 $1 {[%csl Gc2][%cal Rh4h7][%mdl 512]} f5 {[#]} 38. Qe7 $1 {[%mdl 512] Accuracy: White = 92%, Black = 48%.} 1-0

[Event "32nd GER-ch Seniors-50 2020"]
[Site "Magdeburg"]
[Date "2020.08.22"]
[Round "9.2"]
[White "Becker, Michael"]
[Black "Lundin, Jan"]
[Result "1/2-1/2"]
[WhiteElo "2275"]
[BlackElo "2321"]
[Annotator "TA"]
[PlyCount "76"]
[EventDate "2020.08.14"]
[EventType "swiss"]
[EventCountry "GER"]
[SourceTitle "playchess.com"]
[Source "ChessBase"]
[SourceQuality "1"]

{[%evp 9,76,14,48,41,57,0,38,36,52,36,61,64,60,73,73,12,59,63,62,60,72,62,60,50,52,41,47,47,68,42,45,15,26,0,37,34,28,34,31,6,29,32,37,35,35,29,35,0,0,0,8,0,0,0,0,0,0,0,0,0,0,0,0,0,0,0,0,0,0]} 1. e4 c6 2. d4 d5 3. e5 Bf5 4. h4 Qb6 5. Nc3 h6 6. g4 {B12: Caro-Kann: Advance Variation.} Bd7 7. f4 (7. Na4 $14 Qc7 8. Be2) 7... e6 (7... h5 $5) 8. Na4 {White is slightly better.} Qa5+ 9. c3 {[#]} c5 $146 ({Predecessor:} 9... Qc7 10. h5 b6 11. b3 c5 12. Nb2 b5 13. Ne2 c4 14. Bg2 Nc6 15. O-O Nge7 {½-½ (42) Baron,T (2540)-Riazantsev,A (2659) Minsk 2017}) 10. Nxc5 Bxc5 11. dxc5 Qxc5 12. Qd4 (12. Nf3 $16) 12... Qc7 13. Be3 Nc6 14. Qd2 f6 15. Nf3 fxe5 16. Nxe5 Nxe5 17. fxe5 Ne7 18. O-O-O Nc6 19. Kb1 O-O-O 20. Bd4 Kb8 21. Qe3 b6 22. Bd3 Rdf8 23. Rdf1 Qd8 24. Qg3 Qe7 25. Be3 Be8 26. h5 Kb7 27. Rxf8 (27. b3 {is more complex.} Rhg8 28. Rxf8 Rxf8 29. Kb2 Qc7 30. Bf4) 27... Rxf8 28. Rf1 Rxf1+ {The position is equal.} 29. Bxf1 g5 30. hxg6 Bxg6+ 31. Kc1 Qg7 32. Bb5 Bh7 {...Qg6! is the strong threat.} 33. Bxc6+ Kxc6 34. Qf4 Qg6 {[%csl Gh7][%cal Rg6c2]} 35. Qa4+ {[%mdl 64] [#] Double Attack} Kb7 {Hoping for ...Qb1+.} 36. Qd7+ Kb8 {[%csl Gh7][%cal Rg6c2]} 37. Qd8+ Kb7 {[%csl Gh7][%cal Rg6c2]} 38. Qd7+ Kb8 {Accuracy: White = 72%, Black = 84%.} 1/2-1/2

[Event "32nd GER-ch Seniors-50 2020"]
[Site "Magdeburg"]
[Date "2020.08.22"]
[Round "9.3"]
[White "Loew, Gerald"]
[Black "Pirrot, Dieter"]
[Result "0-1"]
[WhiteElo "2152"]
[BlackElo "2319"]
[Annotator "TA"]
[PlyCount "68"]
[EventDate "2020.08.14"]
[EventType "swiss"]
[EventCountry "GER"]
[SourceTitle "playchess.com"]
[Source "ChessBase"]
[SourceQuality "1"]

{[%evp 9,68,30,29,7,0,-37,-29,-38,-1,-6,-12,-9,17,21,17,20,28,8,10,-31,0,-1,-20,-18,1,-15,-6,-28,0,0,-2,-31,0,0,41,0,11,0,6,0,0,0,0,-14,-14,-51,-46,-852,-841,-2993,-2608,-29986,-29987,-29987,-29988,-29988,-991,-29989,-843,-29988,-791]} 1. c4 Nf6 2. Nc3 g6 3. e4 e5 4. g3 Nc6 5. Bg2 h5 {[#]} 6. h4 $146 {A22: English Opening: 1...e5 2 Nc3 Nf6.} ({Predecessor:} 6. Nf3 Bc5 7. Nxe5 h4 8. Nd3 d6 9. Nxc5 dxc5 10. d3 Ng4 11. h3 hxg3 12. fxg3 {½-½ (51) Kharlov,A (2600)-Sarthou,G (2326) Metz 1999}) 6... Bc5 7. d3 Ng4 8. Nh3 {Black has an edge.} d6 9. Nd5 f6 10. Bd2 a5 11. Qc1 $1 Nb4 12. Nxb4 Bxb4 13. Bxb4 (13. a3 $5 {[%cal Ra3b4]} Bxd2+ 14. Qxd2 $11) 13... axb4 14. O-O c5 15. f3 Nh6 16. f4 Bg4 17. Qd2 Qe7 18. Kh2 Qg7 19. fxe5 dxe5 20. Qf2 {[%mdl 64] Double Attack} O-O 21. Qxc5 Rad8 22. Nf2 Rd4 23. Qxb4 g5 24. Qd2 gxh4 25. gxh4 Kh7 26. Rg1 Rg8 27. Qe3 Qe7 $1 {...f5 is the strong threat.} 28. Rae1 $2 {[%mdl 8192] This move loses the game for White.} (28. Nh3 $15) 28... f5 $19 {aiming for ...f4.} 29. exf5 Qxh4+ 30. Nh3 Bxh3 $1 31. Bxh3 Ng4+ 32. Rxg4 hxg4 (32... Rdxg4 $142 33. Rg1 Rxg1 {[%mdl 64] Overworked Piece} 34. Qxg1 Rxg1 35. Kxg1 Qxh3 {[%mdl 64] Double Attack} 36. f6 Qxd3 37. a3 Qe2 38. f7 Kg7 39. Kh1 Kxf7 40. Kg1 h4 41. b4 h3 42. Kh1 Qg2#) 33. Qxe5 Qxh3+ {[%mdl 64] Double Attack} 34. Kg1 {[#]} Rxd3 {Accuracy: White = 59%, Black = 71%.} (34... g3 $142 $1 {[%mdl 512]} 35. Qe2 g2 36. Qe7+ Rg7 37. Qxg7+ Kxg7 38. Re7+ {[#]} Kf8 $1 {[%mdl 512]} 39. Rg7 {[%mdl 64] Decoy} Kxg7 40. f6+ Kxf6 41. Kf2 Rxd3 42. Kg1 Qh1+ 43. Kf2 Qf1#) 0-1